Minecraft Movie Quiz 1 - Statistics

General Stats
  • This quiz has been taken 504 times
    470 since last reset
  • The average score is 8 of 15
Answer Stats
Hint Answer % Correct
The main character's name Steve
99%
Garret's opponent in the boxing ring CHICKEN JOCKEY
82%
"Teleport to anywhere you throw it." Ender Pearl
82%
Obsidian + Flint and Steel = The Nether
82%
Finish this quote: "WATER BUCKET.." RELEASE
73%
The tamed wolf's name Dennis
64%
Finish this quote: "As a.." child i yearned for the mines
45%
The kid wearing a red hoodie Henry
45%
The staff wielding Piglin Malgosha
41%
The Piglin leader General Chungus
39%
Who said this: "This guy is such a toolbag." Natalie
28%
The item in the stash from Minecraft Dungeons Boots of Swiftness
27%
Who said this: "What The Hell!" Dawn
27%
The garbage man's name Garret Garrison
26%
The blue glowing block Tesseract
24%
No matching quizzes found
Score Distribution
Percent of People with Each Score
Percentile by Number Answered
Your Score History
You have not taken this quiz since the last reset